01449nam a2200349 a 4500001001000000003000500010005001700015008004100032010001100073011001100084040000900095090001000104100004100114245015100155260004100306500006000347502007700407590004000484590004000524590004000564650002800604650004300632650002000675650002000695856007000715901000700785942001000792942000600802999001900808952013600827952013600963000112048CHAP20220329144244.0151201s2015 mx a fsm |||||||spa d a108509 a109481 cCHAP aTesis1 aGarcía Moreno, Luis Raúl913013510aAprovechamiento de residuos agropecuarios para el cultivo de microalgas con fines bioenergéticosh[En línea]cpor Luis Raúl García Moreno. aChapingo, Méx. :bEl autor,c2015. aPara ver el contenido del material haga clic en la liga aTesis (Ing. Agr. Esp. en Fitotecnia) -- UACH. Departamento de Fitotecnia aE5995AHEb05c20151201lUCH01h0806 aE5995AHEb05c20151201lUCH01h0807 aE5995AHEb05c20151201lUCH01h083214aAceites vegetales.945714aBiocombustiblesxProducción.912961014aBiomasa.91282514aCompost.926105 aFinding aiduhttp://10.13.5.2/tesis/sist112048.pdfzTeclea aquí aBK cTESIS n0 c108509d108509 00104054718TESISaBCbBCd2015-12-01fTESISl0oTesisp33724002514355r2019-12-31 00:00:00w2019-12-31yTESISzRecien adquirido 00104054718TESISaBCbBCd2015-12-01fTESISl0oTesisp33724002514397r2019-12-31 00:00:00w2019-12-31yTESISzRecien adquirido